000 00740nam a2200253 4500
001 74698
003 BD-RjUL
005 20211209082605.0
008 181120s1966 e p|||| |||| 00| 0 eng d
035 _a(BD-RjUL) 74916
040 _aBD-RjUL
_beng
_cBD-RjUL
041 _aeng
082 _223
_a618.2
_bDAD 1966
100 _aDavis, M. Edward
_9225124
245 _aDe Lee's obstetrics for nurses /
_cM. Edward Davis and Reva Rubin.
250 _a18th ed.
260 _aPhiladelphia ;
_aLondon :
_bSaunders,
_c©1966.
300 _a535 p. :
_billus. ;
_c26 cm.
650 _aObstetrics.
_9225125
650 _aPregnancy.
_9225126
650 _aInfants
_xCare nd hygiene.
_9225127
700 _aRubin, Reva.
_9225129
942 _2ddc
_cBK
999 _c74698
_d74698